Quick Pick: 6-Letter J Words Quiz Stats

Quiz not verified by Sporcle

Challenge
Share
Tweet
Embed
Score 0/10 Timer 01:00
0 Plays Today
% Correct
jerkin
81.1%
jargon
61.9%
judoka
60.1%
jocund
58.1%
jalopy
57%
jujube
56.7%
jojoba
52.2%
jitney
49.8%
jicama
49.1%
jerboa
47.8%

You're not logged in!

Compare scores with friends on all Sporcle quizzes.
Sign Up with Email
OR
Log In

You Might Also Like...

Show Comments

Extras

Top Quizzes Today


Score Distribution

Your Account Isn't Verified!

In order to create a playlist on Sporcle, you need to verify the email address you used during registration. Go to your Sporcle Settings to finish the process.